02334cam a22003258i 450000100090000000300050000900500170001400800410003101000170007202000180008903800150010704000230012204200080014505000220015308200200017510000290019524500820022426300090030626400530031530000170036833600260038533700280041133800270043950400510046652012580051765000170177565000330179265000340182577601490185921749362NUST20240305121556.0201013s2021 enk b 001 0 eng  a 2020046164 a9780367563233 aMalang Jan aDLCbengerdacDLC apcc00aNA2794b.H47 202100a729.28223bHES1 aHeschong, Lisa,eauthor.10aVisual delight in architecture :bdaylight, vision and view /cLisa Heschong. a2103 1aAbingdon, Oxon ;aNew York :bRoutledge,c[2021] a397p.:bill; atextbtxt2rdacontent aunmediatedbn2rdamedia avolumebnc2rdacarrier aIncludes bibliographical references and index. a"Visual Delight in Architecture examines the many ways that our lives are enriched by the presence of natural daylight illumination and window views within our buildings. It makes the case that appropriately timed exposure to daylight is essential to our health and well-being, tied to the very genetic foundations of our physiology and cognitive function. It then goes on to help the reader appreciate the subtlety, beauty and pleasures of well-daylit spaces and attractive window views, and how these are woven into the fabric of our daily sensory experiences, and determined by the design of our buildings, cities, and cultural perspectives. The book is written to engage and challenge a variety of readers, including all forms of building and urban designers, plus anyone interested in human health and wellbeing, from medical researchers to the occupants of all types of buildings. Examples range in detail from common everyday experiences to the latest findings in cognitive research. An important goal of the book is integration across perspectives, such as helping designers to become more comfortable with the scientific basis of their work, and scientists more curious about the design implications of their research"--cProvided by publisher. 0aDaylighting. 0aArchitecturexHuman factors. 0aArchitecturexHealth aspects.08iOnline version:aHeschong, Lisa.tVisual delight in architecturedAbingdon, Oxon ; New York : Routledge, [2021]z9781003097594w(DLC) 2020046165